O grande livro do espaço (Registo nº 3057)

Detalhes MARC
000 -Etiqueta do registo
Cabeçalho 00798nam a22002891 4500
005 - Identificador da versão
Campo de controlo 20240813121951.0
010 ## - Número internacional normalizado dos livros (ISBN)
Número (ISBN) 9724126080
021 ## - Número do Depósito Legal
Código do país PT
Número 165463/01
100 ## - Dados gerais de processamento
Dados gerais de processamento 20020423d2001 da y0pory5003 ba
102 ## - Pais de publicação ou produção
País de publicação Portugal
101 1# - Língua de publicação
Língua do texto, banda sonora, etc. Português
Língua do documento no original Inglês
106 ## - Campo de dados codificados: material textual
Dados codificados do material textual r
105 ## - Campo de dados codificados: livros
Dados codificados dos livros a f 001yy
215 ## - Descrição física 
Indicação específica da natureza do documento e extensão da espécie 95, [1] p.
Outras indicações físicas il.
Dimensões 30 cm
200 1# - Titulo e menção de responsabilidade
Título próprio O grande livro do espaço
Primeira menção de responsabilidade Martin Redfern
Outras menções de responsabilidade trad. Sérgio Medeiros
205 ## - Menção da edição
Menção da edição 1ª ed
210 ## - Publicação, Distribuição, etc. 
Lugar da edição, distribuição, etc. Porto
Nome do editor, distribuidor, etc. Asa
Data da publicação, distribuição, etc. 2001
304 ## - Notas relativas a título e menção de responsabilidade 
Texto da nota Tít. orig.: The kingfisher book of space
606 ## - Nome comum usado como assunto
Número de registo de entrada de autoridade 0002229
Palavra de ordem Ciências exactas
Subdivisão de assunto Astronomia
675 ## - Classificação Decimal Universal (CDU)
Notação 52
Edição
Língua da edição por
702 #1 - Nome de autor-pessoa física (responsabilidade secundária)
Número de registo de entrada de autoridade 0002237
Palavra de ordem Medeiros
Outra parte do nome não tomada para palavra de ordem Sérgio
Código de função Tradutor
700 #1 - Nome de autor-pessoa física (responsabilidade principal)
Número de registo de entrada de autoridade 0002236
Palavra de ordem Redfern
Outra parte do nome não tomada para palavra de ordem Martin
942 ## - Elementos de entrada adicionados (Koha)
Tipo de item no Koha Livro
Exemplares
Situação do levantamento Origin of item (home branch) (coded) Biblioteca de empréstimo Código de barras Cota Circulation type (not for loan) Tipo de documento Nota do exemplar Damaged status
  Biblioteca Escolar da Coca Maravilhas Biblioteca Escolar da Coca Maravilhas BECM5593/02 5AST RED   Livro Sem mensagem